Rafael Colección coquito

Gespeichert in:
Bibliographische Detailangaben
1. Verfasser: Venavente, Lino
Format: Buch
Erschienen: Medellin-Colombia Susaeta sf
Katalog:MANES:  Suchergebnis im Bibliothekskatalog
Schulbuchspezifische Eigenschaften:
Tags: Tag hinzufügen
Keine Tags, Fügen Sie den ersten Tag hinzu!
Geändert in:07.05.2025

MARC

LEADER 00000nam a22000007a 4500
005 20250507125449.0
008 Spa
040 |a Centro_Manes  |c Manuales Escolares U. Atlántico  
100 |9 22536  |a Venavente, Lino  
245 |a Rafael   |b Colección coquito  
260 |a Medellin-Colombia   |b Susaeta  |c sf 
300 |a 159.p  |c 16x21cm  
500 |a Es un libro de lectura que va dirigido a los primeros años de primaria. por lo tanto el texto cuenta con imágenes a color y esto permite un mejor aprendizaje al estudiante. no obstante el libro puede ser consultado en la Universidad del Atlántico y esta en perfecto estado para ser consultado.  
546 |a Colombia  
561 |5 co-CDME  |a Colombia. Universidad del Atlántico  |k MANES 
690 0 |a LEN 
691 0 |a PRI 
942 |2 ddc  |c BK 
999 |c 52235  |d 52235 
999 |c manes:52235  |d 52235